<?xml version="1.0" encoding="UTF-8"?>
<record
    xmlns:xsi="http://www.w3.org/2001/XMLSchema-instance"
    xsi:schemaLocation="http://www.loc.gov/MARC21/slim http://www.loc.gov/standards/marcxml/schema/MARC21slim.xsd"
    xmlns="http://www.loc.gov/MARC21/slim">

  <leader>00791nam a22002297a 4500</leader>
  <controlfield tag="005">20170124110242.0</controlfield>
  <datafield tag="010" ind1=" " ind2=" ">
    <subfield code="a">A-481366</subfield>
  </datafield>
  <datafield tag="020" ind1=" " ind2=" ">
    <subfield code="c">200.00</subfield>
    <subfield code="a">0706930282</subfield>
  </datafield>
  <datafield tag="035" ind1=" " ind2=" ">
    <subfield code="a">A-481366</subfield>
  </datafield>
  <datafield tag="037" ind1=" " ind2=" ">
    <subfield code="b">Cen Lib/Ret</subfield>
  </datafield>
  <datafield tag="040" ind1=" " ind2=" ">
    <subfield code="a">DPL</subfield>
    <subfield code="b">EN</subfield>
  </datafield>
  <datafield tag="082" ind1=" " ind2=" ">
    <subfield code="a">921</subfield>
    <subfield code="b">IND</subfield>
  </datafield>
  <datafield tag="245" ind1=" " ind2=" ">
    <subfield code="a">Indira Gandhi :</subfield>
    <subfield code="c">edited by G. parthasarathi [and] H.Y. sharada Prasad</subfield>
    <subfield code="b">statesmen, scholars, scientists and friend remember /</subfield>
  </datafield>
  <datafield tag="260" ind1=" " ind2=" ">
    <subfield code="a">New Delhi</subfield>
    <subfield code="b">Vikas Publishing House</subfield>
    <subfield code="c">1985</subfield>
  </datafield>
  <datafield tag="270" ind1=" " ind2=" ">
    <subfield code="a">5, Ansari Road</subfield>
    <subfield code="b">New Delhi</subfield>
    <subfield code="e">110002</subfield>
  </datafield>
  <datafield tag="300" ind1=" " ind2=" ">
    <subfield code="a">xiv,463p.</subfield>
    <subfield code="c">26cm(Hb)</subfield>
    <subfield code="b">ill.</subfield>
  </datafield>
  <datafield tag="650" ind1=" " ind2=" ">
    <subfield code="a">Gandhi, Indira, -- 1917-1984</subfield>
    <subfield code="9">95258</subfield>
  </datafield>
  <datafield tag="650" ind1=" " ind2=" ">
    <subfield code="a">Prime ministers -- India -- Biography</subfield>
    <subfield code="9">95259</subfield>
  </datafield>
  <datafield tag="700" ind1=" " ind2=" ">
    <subfield code="a">Parthasarathi, G.</subfield>
    <subfield code="9">95260</subfield>
  </datafield>
  <datafield tag="700" ind1=" " ind2=" ">
    <subfield code="a">Prasad, H.Y. Sharada </subfield>
    <subfield code="9">30501</subfield>
  </datafield>
  <datafield tag="942" ind1=" " ind2=" ">
    <subfield code="2">ddc</subfield>
    <subfield code="c">EN</subfield>
    <subfield code="h">921</subfield>
    <subfield code="m">IND</subfield>
  </datafield>
  <datafield tag="999" ind1=" " ind2=" ">
    <subfield code="c">135224</subfield>
    <subfield code="d">135224</subfield>
  </datafield>
  <datafield tag="952" ind1=" " ind2=" ">
    <subfield code="0">0</subfield>
    <subfield code="1">0</subfield>
    <subfield code="4">0</subfield>
    <subfield code="7">1</subfield>
    <subfield code="8">REF</subfield>
    <subfield code="a">L</subfield>
    <subfield code="b">L</subfield>
    <subfield code="d">2015-10-03</subfield>
    <subfield code="e">Cen Lib/Ret</subfield>
    <subfield code="g">200.00</subfield>
    <subfield code="l">0</subfield>
    <subfield code="o">921 IND</subfield>
    <subfield code="p">A-481366</subfield>
    <subfield code="r">2015-10-03 00:00:00</subfield>
    <subfield code="t">1</subfield>
    <subfield code="v">200.00</subfield>
    <subfield code="w">2015-10-03</subfield>
    <subfield code="y">EN</subfield>
  </datafield>
</record>
